Vedomosti a technológie - hlavné nástroje konkurencieschopnosti
Tacitné a explicitné vedomosti. Riadenie vedomostí. Základné procesy riadenia vedomostí. Spájanie organizačných prvkov pomocou systémov na riadenie vedomostí. Druhy rozhodovania. Expertné systémy. Význam systému na podporu pri rozhodovaní. Výuka na diaľku. Dôvody zavedenia výuky na diaľku do podniku...
Enregistré dans:
| Auteur principal: | |
|---|---|
| Format: | Chapitre de livre |
| Langue: | slovaque |
| Sujets: | |
| Tags: |
Pas de tags, Soyez le premier à ajouter un tag!
|
MARC
| LEADER | 00000naa$a2200000$$$4500 | ||
|---|---|---|---|
| 001 | 0051012 | ||
| 005 | 20240502071605.9 | ||
| 041 | 0 | |a slo | |
| 044 | |a SK | ||
| 245 | 1 | 0 | |a Vedomosti a technológie - hlavné nástroje konkurencieschopnosti |c Anita Buha |
| 520 | |a Tacitné a explicitné vedomosti. Riadenie vedomostí. Základné procesy riadenia vedomostí. Spájanie organizačných prvkov pomocou systémov na riadenie vedomostí. Druhy rozhodovania. Expertné systémy. Význam systému na podporu pri rozhodovaní. Výuka na diaľku. Dôvody zavedenia výuky na diaľku do podniku. Prednosti a nedostatky výuky na diaľku. Virtuálne organizácie - technológia a vedomosť. Informačné technológie vo virtuálnych organizáciách. Rozvážna teória a problematická prax virtuálnych organizácií. Model virtuálneho organizovania. Tri nezávislé dimenzie. | ||
| 610 | 2 | 0 | |a vedomosti |
| 610 | 2 | 0 | |a riadenie |
| 610 | 2 | 0 | |a rozhodovanie |
| 610 | 2 | 0 | |a systémy expertné |
| 610 | 2 | 0 | |a vzdelávanie |
| 610 | 2 | 0 | |a vzdelávanie dištančné |
| 610 | 2 | 0 | |a podnik |
| 610 | 2 | 0 | |a technológie nové |
| 610 | 2 | 0 | |a technológie informačné |
| 100 | 1 | |a Buha, Anita | |